[Event "Canadian op U1600"]
[Site "Windsor"]
[Date "2016.07.16"]
[Round "8.44"]
[White "Young, John2222"]
[Black "Gaur, Shivan"]
[Result "1-0"]
[WhiteElo "1459"]
[BlackElo "1267"]
[PlyCount "77"]
[EventDate "2016.07.10"]
[EventType "swiss"]
[EventRounds "9"]
[EventCountry "CAN"]
[SourceTitle "EXT 2022"]
[Source "ChessBase"]
[SourceDate "2021.10.06"]
[SourceVersion "1"]
[SourceVersionDate "2021.10.06"]
[SourceQuality "1"]

1. e4 c5 2. d4 cxd4 3. c3 dxc3 4. Nxc3 e6 5. Nf3 Nc6 6. Bc4 Nf6 7. 0-0 Qc7 8. Nb5 Qb8 9. e5 Nxe5 10. Bf4 Nxf3+ 11. Qxf3 d6 12. Rac1 a6 13. Nc7+ Kd8 14. Nxa8 Qxa8 15. Rfd1 d5 16. Qc3 Ke8 17. Bf1 Bd7 18. f3 Qa7+ 19. Kh1 Be7 20. Be3 Qb8 21. Qa5 Bc6 22. b4 Bd8 23. Qc5 Nd7 24. Qc3 Bf6 25. Qb3 Ke7 26. a4 Nf8 27. b5 axb5 28. axb5 Bd7 29. b6 Be5 30. g3 f6 31. Re1 Kf7 32. f4 Bd6 33. Bc5 Bxc5 34. Rxc5 h5 35. Rc7 Ke8 36. f5 Kd8 37. Bb5 Bxb5 38. Qxb5 e5 39. Qxd5+ 1-0

[Event "CAN-ch U14"]
[Site "Windsor"]
[Date "2016.07.05"]
[Round "1.29"]
[White "Liu, Zhanhe"]
[Black "Gaur, Shivan"]
[Result "1-0"]
[WhiteElo "1993"]
[BlackElo "1211"]
[PlyCount "55"]
[EventDate "2016.07.05"]
[EventType "swiss"]
[EventRounds "7"]
[EventCountry "CAN"]
[SourceTitle "EXT 2022"]
[Source "ChessBase"]
[SourceDate "2021.10.06"]
[SourceVersion "1"]
[SourceVersionDate "2021.10.06"]
[SourceQuality "1"]

1. e4 c5 2. Nf3 g6 3. d4 cxd4 4. Nxd4 Nc6 5. Nc3 Bg7 6. Be3 Nf6 7. Bc4 0-0 8. Bb3 a5 9. a3 a4 10. Ba2 d5 11. exd5 Nxd5 12. Nxd5 e6 13. Nxc6 bxc6 14. Nb6 Rb8 15. Qxd8 Rxd8 16. Nxa4 Bb7 17. 0-0 Ba6 18. Rfd1 Bb7 19. h3 Ba8 20. Ba7 Rbc8 21. Nb6 Rxd1+ 22. Rxd1 Re8 23. c3 h5 24. Rd7 c5 25. Nxa8 Rxa8 26. Bxc5 Rb8 27. Bb4 Bf6 28. a4 1-0

[Event "CAN-ch U12"]
[Site "Windsor"]
[Date "2015.07.09"]
[Round "7.74"]
[White "Gaur, Shivan"]
[Black "Renard, Christopher"]
[Result "1-0"]
[WhiteElo "916"]
[BlackElo "655"]
[PlyCount "51"]
[EventDate "2015.07.06"]
[EventType "swiss"]
[EventRounds "7"]
[EventCountry "CAN"]
[SourceTitle "EXT 2022"]
[Source "ChessBase"]
[SourceDate "2021.10.06"]
[SourceVersion "1"]
[SourceVersionDate "2021.10.06"]
[SourceQuality "1"]

1. d4 e6 2. c4 g5 3. g3 d6 4. Bg2 Nf6 5. Bxg5 d5 6. cxd5 exd5 7. Nc3 Bg7 8. Nxd5 0-0 9. Nxf6+ Bxf6 10. Bxf6 Qxf6 11. e4 Qe7 12. Nf3 Qb4+ 13. Qd2 Qxd2+ 14. Nxd2 Rd8 15. Nf3 Bg4 16. Rd1 Bxf3 17. Bxf3 Nc6 18. d5 Nb4 19. a3 Nc2+ 20. Kf1 Re8 21. d6 cxd6 22. Rxd6 Rad8 23. Rxd8 Rxd8 24. e5 Rd1+ 25. Bxd1 Na1 26. Kg2 1-0

[Event "CAN-ch U12"]
[Site "Windsor"]
[Date "2015.07.06"]
[Round "1.63"]
[White "Chung, Alec"]
[Black "Gaur, Shivan"]
[Result "1-0"]
[WhiteElo "1741"]
[BlackElo "916"]
[PlyCount "71"]
[EventDate "2015.07.06"]
[EventType "swiss"]
[EventRounds "7"]
[EventCountry "CAN"]
[SourceTitle "EXT 2022"]
[Source "ChessBase"]
[SourceDate "2021.10.06"]
[SourceVersion "1"]
[SourceVersionDate "2021.10.06"]
[SourceQuality "1"]

1. c4 Nf6 2. Nc3 g6 3. g3 Bg7 4. Bg2 0-0 5. e4 d6 6. Nge2 Nbd7 7. d3 e5 8. h3 b6 9. Be3 h6 10. Qd2 Kh7 11. 0-0 Bb7 12. f4 Qe7 13. Rae1 Rad8 14. g4 Ne8 15. Nd5 Bxd5 16. cxd5 f6 17. f5 g5 18. d4 Rc8 19. Rc1 a5 20. Rc2 Nb8 21. Rfc1 Qd7 22. a3 a4 23. Qb4 b5 24. Nc3 Na6 25. Qxb5 Qxb5 26. Nxb5 Rb8 27. Bf1 Rb7 28. Nxd6 Nxd6 29. Bxa6 Ra7 30. Bd3 exd4 31. Bxd4 Rb7 32. Rxc7 Rxc7 33. Rxc7 Ra8 34. Bxf6 Ne8 35. Bxg7 Nxg7 36. f6 1-0